000 00317nam a22001337a 4500
008 170403b xxu||||| |||| 00| 0 eng d
020 _a9789280810943
041 _aeng
080 _a574
100 _a9
101 _aSHM
245 _aBROADENING ASIA'S SECURITY DISCOURSE AND AGENDA
_cTHAKUR, R
942 _2udc
_cBK
999 _c9484
_d9484